| 000 | 00502nam a2200193 a 4500 | ||
|---|---|---|---|
| 001 | 1888 | ||
| 003 | CDMR | ||
| 005 | 20131126124619.0 | ||
| 008 | 130130s1968||||||||||||||||||||||||||||d | ||
| 040 |
_aCDMR _bcat _cCDMR |
||
| 100 | 1 |
_aAlbert, Pierre _91088 |
|
| 245 | 1 | 3 |
_aLa Presse _cpar Pierre Albert |
| 260 |
_aParis _c1968 _bPresses Universitaires de France |
||
| 300 | _a126 p. | ||
| 490 | 0 |
_aQue sais-je? _v414 |
|
| 650 | 0 | 4 |
_91545 _aPremsa |
| 650 | 0 | 4 |
_9311 _aEmpreses periodÃstiques |
| 942 |
_cMON _2udc |
||
| 999 |
_c1888 _d1888 |
||